000 01068cam a2200385 4500
002 7795
008 020930n2004 000 0 eng u
020 _a1405103078
035 _a(Sirsi) u119901
041 _aeng.
050 _a363.5094
_c22
100 _aAllen, Judith
245 _aHousing and welfare in southern Europe
260 _aOxford
_bBlackwell
_c2004
300 _axii, 228p.
_c25cm.
350 _a42.50
490 _aBlackwell Real Estate Issues
520 _aDiscusses comparative European housing policy. Shows how the relationship between state, market and civil society in southern Europe is fundamentally different to the north.
650 _aHOUSING
650 _aSOUTHERN EUROPE
650 _aWELFARE
650 _aHOUSING POLICY
650 _aFAMILY
650 _aEUROPE
650 _aPORTUGAL
650 _aSPAIN
650 _aITALY
650 _aGREECE
690 _aHOUSING
700 _aBarlow, James
700 _aPadovani, Liliana
700 _aMaloutas, Thomas
700 _aLeal, Jesus
942 _n0
999 _c102440
_d102440